Central Library OPAC University of Rajshahi

Coevolution of parasitic arthropods and mammals / (Record no. 68224)

MARC details
000 -LEADER
fixed length control field 00808nam a2200265 a 4500
001 - CONTROL NUMBER
control field 68224
003 - CONTROL NUMBER IDENTIFIER
rucl marc code BD-RjUL
005 - DATE AND TIME OF LATEST TRANSACTION
control field 20211209081738.0
008 - FIXED-LENGTH DATA ELEMENTS--GENERAL INFORMATION
fixed length control field 170040s1985 nyua b 001 0 eng
020 ## - INTERNATIONAL STANDARD BOOK NUMBER
International Standard Book Number 0471085464 :
Terms of availability $65.00 (est.)
035 ## - SYSTEM CONTROL NUMBER
System control number (BD-RjUL)68434
040 ## - CATALOGING SOURCE
Original cataloging agency DLC
Transcribing agency DLC
Modifying agency BD-RjUL
Language of cataloging eng
041 ## - LANGUAGE CODE
Language code of text/sound track or separate title eng
082 00 - DEWEY DECIMAL CLASSIFICATION NUMBER
Classification number 599
Edition number 23
Author mark and year COE 1985
245 00 - TITLE STATEMENT
Title Coevolution of parasitic arthropods and mammals /
Statement of responsibility, etc. edited by Ke Chung Kim.
260 ## - PUBLICATION, DISTRIBUTION, ETC. (IMPRINT)
Place of publication, distribution, etc. New York :
Name of publisher, distributor, etc. Wiley,
Date of publication, distribution, etc. c1985.
300 ## - PHYSICAL DESCRIPTION
Pagination xiv, 800 p. :
Illustrations ill. ;
Size 24 cm.
504 ## - BIBLIOGRAPHY, ETC. NOTE
Bibliography, etc Includes bibliographies and index.
650 #0 - SUBJECT ADDED ENTRY--TOPICAL TERM
Topical term or geographic name as entry element Mammals
General subdivision Evolution.
9 (RLIN) 202250
Topical term or geographic name as entry element Mammals
General subdivision Parasites
-- Evolution.
9 (RLIN) 202251
Topical term or geographic name as entry element Coevolution.
9 (RLIN) 202252
700 1# - ADDED ENTRY--PERSONAL NAME
Personal name Kim, Ke Chung.
942 ## - ADDED ENTRY ELEMENTS (KOHA)
Source of classification or shelving scheme Dewey Decimal Classification
Koha item type Books
Holdings
Lost status Source of classification or shelving scheme Damaged status Not for loan Collection code Permanent Location Current Location Shelving location Date acquired Source of acquisition Total Checkouts Full call number Date last seen Copy number Koha item type
  Dewey Decimal Classification   Not For Loan Non-fiction Central Library, University of Rajshahi Central Library, University of Rajshahi Reading Room 29/07/1989 Asia Foundation   599 COE 1985 01/04/2017 C-1 Books